Реформаторска педагогика (Запис номер 3374)
[ съкратено ]
| 000 -Лидер | |
|---|---|
| Контролно поле с фиксирана дължина | 01588nam a2200373 c 4500 |
| 003 - Код на организацията, давaща контролен номер | |
| Контролно поле | BLK |
| 005 - Дата и час на последна редакция | |
| Контролно поле | 20241202144349.0 |
| 008 - Елементи от данни с фиксирана дължина | |
| fixed length control field | 180412b bul|||||r ||||||| ||bul|| |
| 010 ## - Наследен системен номер | |
| LC control number | KNG00004452000 |
| 020 ## - Международен стандартен номер на книга ISBN | |
| Международен стандартен номер на книга ISBN | 954-01-0477-7 |
| -- | издат.: Просвета |
| 040 ## - Източник на каталожния запис | |
| Идентификатор на билиотеката - собственик на записа | BLK |
| 041 ## - Код за език | |
| Код за езика на текст/звукозапис или на отделно заглавие | Български |
| Код за езика КДБФ | Български |
| 080 ## - УДК | |
| Текстов определител УДК | Обща теория на възпитанието. Отделни направления |
| УДК код - определител по УДК | 37.013 |
| УДК определител | |
| УДК - код + определител | 37.013 |
| 080 ## - УДК | |
| Текстов определител УДК | Реформа на образователното дело. Училищна реформа |
| УДК код - определител по УДК | 37.014.3 |
| УДК определител | |
| УДК - код + определител | 37.014.3 |
| 080 ## - УДК | |
| Текстов определител УДК | Други системи на възпитание |
| УДК код - определител по УДК | 371.49 |
| УДК определител | .022 |
| УДК - код + определител | 371.49.022 |
| 100 1# - Редна дума - Автор | |
| Автор | Бижков, Георги Христов |
| Авторска отговорност | първи автор |
| R(LIN) | 247202 |
| 139 ## - Редно поле | |
| Редна дума | Бижков, Георги Христов |
| Авторски знак | Би - Б 44 |
| 245 10 - Сведения за заглавието | |
| Заглавие | Реформаторска педагогика |
| Подзаглавни данни | История и съвременност |
| Редно поле (дума) | Георги Христов Бижков. |
| 257 ## - Страна на издаване | |
| Страна на създаване/издаване | България |
| 260 ## - Област на издателските данни | |
| -- | София |
| Име на издателя, разпространителя и проч. | Просвета |
| Година на издаване | 1994 |
| 300 ## - Физическа характеристика | |
| Страници | 280 с. |
| Размери/Мащаб | 21 см |
| 380 ## - Жанр | |
| Жанр | Обществени науки |
| 500 ## - Общи забележки | |
| Забележка | 30 070 тир. |
| 650 #4 - Допълнително описание по предмет – тема | |
| Основно описание – тема или топоним | Педагогика, реформаторска - теория и история |
| 9 (RLIN) | 247203 |
| 650 #4 - Допълнително описание по предмет – тема | |
| Основно описание – тема или топоним | Образование и просвета - преустройство и реформи |
| 9 (RLIN) | 247204 |
| 653 ## - Ключова дума – ненормативна | |
| Ключова дума | педагогика |
| 653 ## - Ключова дума – ненормативна | |
| Ключова дума | образование |
| 852 ## - Местоположение | |
| Форматна сигнатура | Цб 179952 |
| 856 4# - Електронен адрес и достъп | |
| Електронен формат | pdf - файл |
| Път до файла /url/ | |
| 856 4# - Електронен адрес и достъп | |
| Електронен формат | pdf - файл |
| Път до файла /url/ | |
| 942 ## - АРТИКУЛИ | |
| Вид на библиотечния материал | Книги |
| Скрит в OPAC | Не |
| Koha issues (borrowed), all copies | 9 |
| 944 ## - СЪЗДАВАНЕ И РЕДАКЦИЯ на ЗАПИСА | |
| Създаване/Редакция | Създаване |
| Дата на регистрацията/редакция | 15.01.2003 |
| Служител, извършил регистрацията/редакцията | 30535 |
| Статус, дата на статуса | Христина Везирева |
| 944 ## - СЪЗДАВАНЕ И РЕДАКЦИЯ на ЗАПИСА | |
| Създаване/Редакция | Редакция |
| Дата на регистрацията/редакция | 07.01.2013 |
| Служител, извършил регистрацията/редакцията | |
| 999 ## - СИСТЕМНИ КОНТРОЛНИ НОМЕРА | |
| Koha biblionumber | 3374 |
| Koha biblioitemnumber | 3374 |
| Код за отписване | Код за изгубен артикул | Източник на класификационната схема | Код за повреда | Коз за рестрикции | Код за отдаване | Артикулен № | Име на библиотеката - собственик | Име на библиотеката, в която се намира в момента | Статус (Текущо местоположение) | Дата на вписване в системата | Местоположение - отдел | Цена в лева | Инвентарен номер | Систематично азбучна сигнатура | Баркод | Номер на екземпляра | Цена в евро | Служебна бележка | Служебен тип на артикула |
|---|---|---|---|---|---|---|---|---|---|---|---|---|---|---|---|---|---|---|---|
| Не е изгубен | Universal Decimal Classification | Не е повреден | без рестрикции | ползва се в читалня | 6096 | Регионална библиотека "Любен Каравелов" Русе | Регионална библиотека "Любен Каравелов" Русе | Хранилище | 1994-01-01 | Хранилище | 0.00 | 607118 | Цб 179952 | 120000607118 | 1 | 0.00 | Дост: Dp Вид: Д N: 45 Дата: 01.01.1994 Дата инв: 19.05.2015 Бележки инв: Цб2015 | Книги | |
| Изтеглен | Не е изгубен | Universal Decimal Classification | Не е повреден | без рестрикции | заемане за дома | 6097 | Регионална библиотека "Любен Каравелов" Русе | Регионална библиотека "Любен Каравелов" Русе | Заемна - подръчен фонд | 1994-01-01 | Заемна - подръчен фонд | 0.99 | 607519 | П 37.01/Б 44 | 607519 | 2 | 0.51 | Дост: Pk Вид: Ф N: стар фонд Дата: 01.01.1994 Дата инв: 08.02.2018 Бележки инв: П2018 | Книги |
| Изтеглен | Не е изгубен | Universal Decimal Classification | Не е повреден | без рестрикции | заемане за дома | 6098 | Регионална библиотека "Любен Каравелов" Русе | Регионална библиотека "Любен Каравелов" Русе | Заемна - подръчен фонд | 1994-01-01 | Заемна - подръчен фонд | 0.99 | 607520 | П 37.01/Б 44 | 607520 | 3 | 0.51 | Дост: Pk Вид: Ф N: стар фонд Дата: 01.01.1994 | Книги |
| Не е изгубен | Universal Decimal Classification | Не е повреден | без рестрикции | ползва се в читалня | 6099 | Регионална библиотека "Любен Каравелов" Русе | Регионална библиотека "Любен Каравелов" Русе | Читалня | 1994-01-01 | Читалня | 0.99 | 607387 | Ч 37.01/Б 44 | 120000607387 | 4 | 0.51 | Дост: Pk Вид: Ф N: стар фонд Дата: 01.01.1994 Дата инв: 14.03.2017 Бележки инв: Ч2017 | Книги |